| 000 | 01352nam0a22002651 4500 | ||
|---|---|---|---|
| 001 | rc\2725217 | ||
| 005 | 20250810042352.0 | ||
| 035 | _a(NLR Aleph) 006852715 | ||
| 090 |
_a6764115 _c6764115 |
||
| 100 | _a20110915d1943 u y0rusy50 ca | ||
| 101 | 0 | _arus | |
| 102 | _aRU | ||
| 105 | _aa j ||||| | ||
| 200 | 1 |
_aЭлектромонтер по эксплоатации электростанций _eУчебник для ремесл. и ж.-д. училищ _eУтв. Учеб.-производств. советом Гл. упр-ния труд. резервов в качестве учебника для ремесл. и ж.-д. училищ _fС. Е. Алексеев, В. С. Кондахчан _gГл. упр. труд. резервов при СНК СССР. [Ремесл. и ж.-д. училища] |
|
| 210 |
_aМосква _aЛенинград _cГосэнергоиздат _d1943 _eМосква |
||
| 215 |
_a232 с., 1 вкл. л. черт. _cил., схем. _d21 см. |
||
| 700 | 1 |
_aАлексеев _bС.В. _gСергей Владимирович |
|
| 701 | 1 |
_aКондахчан _bВ.С. _gВаат Саакович |
|
| 801 | 0 |
_aRU _bNLR _gpsbo |
|
| 801 | 1 |
_aRU _bELAR _2rusmarc |
|
| 852 |
_aNLR _jТ20 Г-3/20 |
||
| 942 | _cBOOK | ||
| 945 | _aРоссийская национальная библиотека | ||
| 980 | _aNB | ||
| 980 | _aBV | ||